| 000 | 00589nam a22001937a 4500 | ||
|---|---|---|---|
| 003 | OSt | ||
| 005 | 20180319152559.0 | ||
| 008 | 150605b xxu||||| |||| 00| 0 eng d | ||
| 020 | _a978--972-609-64-x | ||
| 040 |
_aBCRI _cBCRI |
||
| 082 | _a658.152 | ||
| 100 | 1 |
_aSapag Chain, Nassir _98561 |
|
| 245 | 1 | 0 |
_a Proyectos de inversión _b: formulación y evaluación _cNassir Sapag Chain, |
| 260 |
_aMexico D.F. [etc.] _bMcGraw-Hill _c2007 |
||
| 300 |
_a488 p. _c23 cm |
||
| 650 | 2 | 4 |
_aEvaluación de proyectos _96014 |
| 700 | 1 | 0 |
_aSapag Chain, Reinaldo _98562 |
| 942 |
_2ddc _cBK _hprozim |
||
| 999 |
_c22414 _d22414 |
||